Normal view
MARC view
Entry Personal Name
001 - CONTROL NUMBER
- control field: 249563
003 - CONTROL NUMBER IDENTIFIER
- control field: OSt
005 - DATE AND TIME OF LATEST TRANSACTION
- control field: 20220925175719.0
008 - FIXED-LENGTH DATA ELEMENTS
- fixed length control field: 220925|| aca||aabn | a|a d
040 ## - CATALOGING SOURCE
- Original cataloging agency: OSt
- Transcribing agency: OSt
100 ## - HEADING--PERSONAL NAME
- Personal name: Krebs Paul M
670 ## - SOURCE DATA FOUND
- Source citation: Work cat.: (OSt)494369: Krebs Paul M, Gender race and the writing of empire , 1999
